Statistics for 50 Countries With The Best Infrastructure

Click here to take the quiz!

General Stats

  • This quiz has been taken 133 times
  • The average score is 43 of 50

Answer Stats

IndexCountry% Correct
3.73Canada
98%
4.37Japan
98%
4.25Sweden
98%
4.02United States
98%
3.93Australia
97%
4.00France
97%
3.69Norway
97%
4.28Germany
96%
3.96Spain
96%
4.02Finland
95%
3.85Italy
95%
3.99New Zealand
95%
3.75South Korea
95%
4.00United Kingdom
95%
4.06Austria
94%
4.22Netherlands
94%
3.79China
93%
3.98Belgium
92%
3.97Denmark
91%
3.19Iceland
91%
3.21Poland
91%
4.05Switzerland
91%
3.29Ireland
90%
3.17Argentina
88%
3.21Turkey
88%
4.03United Arab Emirates
88%
3.23Chile
87%
3.47Czech Republic
87%
3.19Greece
87%
3.33Qatar
86%
3.01Slovakia
86%
3.72Taiwan
86%
3.05Brazil
85%
3.25Israel
85%
2.92Mexico
85%
4.18Singapore
85%
3.27Slovenia
85%
3.38Luxembourg
83%
3.13Saudi Arabia
83%
3.12Estonia
82%
3.00Romania
82%
3.26Hungary
81%
3.07Croatia
80%
3.01South Africa
75%
3.10Kuwait
71%
3.14Thailand
71%
3.16Oman
68%
2.98Malta
65%
2.93Cyprus
58%
3.15Panama
58%

Score Distribution

Percentile by Number Answered

Percent of People with Each Score

Your Score History

You have not taken this quiz